| 000 | 00612nam a22001937a 4500 | ||
|---|---|---|---|
| 999 |
_c157925 _d157925 |
||
| 005 | 20181010154803.0 | ||
| 010 | _aENG-124228 | ||
| 020 |
_a9789385755958 _c499.00 |
||
| 035 | _aEN-107760 | ||
| 037 | _bDBAD/PUB | ||
| 082 | _a954 | ||
| 245 |
_aIndia dissents: _ced. by Ashok Vajpeyi _b3000 years of difference, doubt and argumnent / |
||
| 260 |
_aNew Delhi _bSpeaking Tiger _c2017 |
||
| 270 |
_a4381/4, Ansari Road, Daryaganj, _bNew Delhi _e110002 |
||
| 300 |
_a546p. _c22cm(Hb) |
||
| 500 | _aIt includes copyright acknowledgements | ||
| 700 | _aAshok Vajpeyi | ||
| 942 |
_2ddc _cEN _h954 _mIND |
||